Ameryka Południowa - Nagła śmierć - Statystyki

Ogólne statystyki
  • Ten quiz został rozwiązany 3 193 razy
    3 091 od ostatniego zresetowania
  • Średni wynik to 9 z 14
Answers on the Grid
Answers color-coded by a green-red scale on the quiz's grid according to % correct below.
Brazylia
Indie
Francja
Australia
Kanada
Panama
Wielka Brytania
Kolumbia
Chile
Afganistan
Meksyk
Surinam
Palau
Argentyna
Nowa Zelandia
Gujana
Peru
Fidżi
Algieria
Boliwia
Ekwador
Urugwaj
Armenia
Jordania
Dania
Wenezuela
Paragwaj
Grenada
Korea Południowa
Kenia
 
Statystyki odpowiedzi
Odpowiedź % Poprawnych
Brazylia
98%
Chile
79%
Peru
77%
Ekwador
76%
Urugwaj
75%
Wenezuela
75%
Kolumbia
74%
Argentyna
73%
Paragwaj
72%
Boliwia
71%
Gujana
66%
Surinam
63%
Francja
31%
Wielka Brytania
14%
Nie znaleziono quizów pasujących do podanych kryteriów
Rozkład punktacji
Procent ludzi z każdym wynikiem
Percentyl według liczby udzielonych odpowiedzi
Twoja historia wyników
Nie rozwiązałeś tego quizu od ostatniego zresetowania